Central Library OPAC University of Rajshahi

বৈষ্ণব পদাবলী : (Record no. 65659)

MARC details
000 -LEADER
fixed length control field 01400nam a2200265 a 4500
001 - CONTROL NUMBER
control field 65659
003 - CONTROL NUMBER IDENTIFIER
rucl marc code BD-RjUL
005 - DATE AND TIME OF LATEST TRANSACTION
control field 20211209081441.0
008 - FIXED-LENGTH DATA ELEMENTS--GENERAL INFORMATION
fixed length control field 170309s1958 ii ||||| |||| 001 0 ben d
035 ## - SYSTEM CONTROL NUMBER
System control number (BD-RjUL)65789
040 ## - CATALOGING SOURCE
Original cataloging agency BD-RjUL
Language of cataloging ben
Transcribing agency BD-RjUL
Modifying agency BD-RjUL
041 ## - LANGUAGE CODE
Language code of text/sound track or separate title ben
082 ## - DEWEY DECIMAL CLASSIFICATION NUMBER
Edition number 23
Classification number 891.44109
Author mark and year VAI 1958
245 00 - TITLE STATEMENT
Title বৈষ্ণব পদাবলী :
Remainder of title (চয়ন) /
Statement of responsibility, etc. খগেন্দ্রনাথ মিত্র, সুকুমার সেন, বিশ্বপতি চৌধুরী ও শ্যামাপদ চক্রবর্ত্তী সম্পাদিত
250 ## - EDITION STATEMENT
Edition statement ৬ষ্ঠ সং.
260 ## - PUBLICATION, DISTRIBUTION, ETC. (IMPRINT)
Place of publication, distribution, etc. কলিকাতা :
Name of publisher, distributor, etc. কলিকাতা বিশ্ববিদ্যালয়,
Date of publication, distribution, etc. ১৯৫৮
300 ## - PHYSICAL DESCRIPTION
Pagination ১০৮ পৃ. ;
Size ২৫ সেমি.
650 ## - SUBJECT ADDED ENTRY--TOPICAL TERM
Topical term or geographic name as entry element বাংলা কবিতা
9 (RLIN) 129466
Form subdivision ইতিহাস ও সমালোচনা
Topical term or geographic name as entry element Bengali Poetry
9 (RLIN) 129467
Form subdivision History and Criticism
700 ## - ADDED ENTRY--PERSONAL NAME
Personal name মিত্র, খগেন্দ্রনাথ
Fuller form of name সম্পাদতি
Personal name সেন, সুকুমার
Fuller form of name সম্পাদতি
Personal name চৌধুরী, বিশ্বপতি
Fuller form of name সম্পাদতি
Personal name চক্রবর্ত্তী, শ্যামাপদ
Fuller form of name সম্পাদতি
942 ## - ADDED ENTRY ELEMENTS (KOHA)
Source of classification or shelving scheme Dewey Decimal Classification
Koha item type Books
Holdings
Lost status Source of classification or shelving scheme Damaged status Not for loan Collection code Permanent Location Current Location Shelving location Date acquired Source of acquisition Cost, normal purchase price Total Checkouts Full call number Date last seen Copy number Koha item type
  Dewey Decimal Classification   Not For Loan Non-fiction Central Library, University of Rajshahi Central Library, University of Rajshahi Reading Room 29/06/1960 Warsi Book Corporation 8.10   B 891.44109 VAI 1958 09/03/2017 C-1 Books